HANDBOOK OF GOOD CLINICAL LABORATORY PRACTICE [GCLP] (Record no. 8949)

MARC details
000 -LEADER
fixed length control field 00520nam a22001697a 4500
005 - DATE AND TIME OF LATEST TRANSACTION
control field 20251127122126.0
008 - FIXED-LENGTH DATA ELEMENTS--GENERAL INFORMATION
fixed length control field 251124b |||||||| |||| 00| 0 eng d
020 ## - INTERNATIONAL STANDARD BOOK NUMBER
ISBN 978-81-19613-33-5
041 ## - LANGUAGE CODE
Language code of text/sound track or separate title eng
082 ## - DEWEY DECIMAL CLASSIFICATION NUMBER
Classification number 610.28 ROH-H
100 ## - MAIN ENTRY--AUTHOR NAME
Personal name ROHIL, PRO. VISHWAJEET. 2- BHADRA, DR. JAYEETA AND AGGARWAL. DR JUHI
245 ## - TITLE STATEMENT
Title HANDBOOK OF GOOD CLINICAL LABORATORY PRACTICE [GCLP]
260 ## - PUBLICATION, DISTRIBUTION, ETC. (IMPRINT)
Place of publication NEW DELHI
Name of publisher INNOVATIVE PUBLICATION PVT.LTD
Year of publication 2024
300 ## - PHYSICAL DESCRIPTION
Number of Pages 111'P
650 ## - SUBJECT ADDED ENTRY--TOPICAL TERM
Topical Term PHARMACY
General subdivision B.PHARMA
942 ## - ADDED ENTRY ELEMENTS (KOHA)
Koha item type Books
Holdings
Lost status Damaged status Collection code Home library Current library Date acquired Source of acquisition Cost, normal purchase price Full call number Accession Number Koha item type
    PHARMACY JRU Library JRU Library 14/11/2025 PURCHASE 400.00 610.28 29059 Books